Responses for Show #5023 - Wednesday, June 14, 2006

Craig Westphal game 4.

Contestants

[<< previous game]

Bob Puett, a medical assistant from Puyallup, Washington

Danielle Kolker, a family literacy program manager from Brooklyn, New York

Craig Westphal, a paramedic from Tucson, Arizona (whose 3-day cash winnings total $67,001)

[next game >>]

Jeopardy! Round responses

ANNUAL EVENTS
FEAT OF CLAY
MADE IN JAPAN
ON THE "SPIT"
KICKIN' AZTEC
& TAKIN' NAMES
    $200 2
Buffalo Bill

Craig
    $200 1
Cassius Clay

Bob
    $200 10
a kimono

Danielle
    $200 5
a respite

Bob
    $200 21
rain

Craig
    $200 26
Bono

Bob
    $400 6
(Bob: What is country music?)

bluegrass music

CraigBob
    $400 3
Clay Aiken

Craig
    $400 13
golf

Craig
    $400 17
a spittoon

Bob
    $400 22
your heart

Craig
    $400 27
Jack Ruby

Bob
    $600 8
Nelson Mandela

Craig
    $600 4
Andrew Dice Clay

Danielle
    $600 14
a poem

Craig
    $600 18
despite

Craig
    $600 23
(Alex: They used a system of [*].)

barter

Triple Stumper
    $600 28
Pocahontas

Triple Stumper
    $800 11
Cornwallis

Craig
    $800 7
Clayton Moore

Bob
    $2,000 15
(Alex: Well, this is what has enabled you in previous games to put a great deal of distance between you and your opponents. You have more money now and you have the Daily Double.)
(Craig: I'll do $2,000.)
(Alex: $2,000--that's your usual bet.)

judo

Craig
    $800 19
Spitfires

Craig
    $800 24
(Danielle: What is a watch?)
(Alex: No.)
(Danielle: A timepiece?)

a calendar

CraigDanielle
    $800 29
Jonathan Swift

Danielle
    $1000 12
a ram (a sheep accepted)

Bob
    $1000 9
Clay Shaw

Triple Stumper
    $1000 16
Fuji

Craig
    $1000 20
a spitting cobra

Bob
    $1000 25
Tenochtitlán

Bob
    $1000 30
Lenin

Craig

Scores at the first commercial break (after clue 15):

Craig Danielle Bob
$5,400 $800 $1,800

Scores at the end of the Jeopardy! Round:

Craig Danielle Bob
$10,200 $800 $4,800

Double Jeopardy! Round responses

CITY OF THE DAY: NEW YORK
'80s MOVIES
ROYAL LITERATURE
MEASUREMENT
AN ATOMIC CATEGORY
WHAT THE "H"
    $400 1
Broadway

Danielle
    $400 4
Footloose

Bob
    $400 11
The Return of the King

Bob
    $400 21
carats

Bob
    $400 26
oxygen

Craig
    $400 16
an hourglass

Bob
    $800 2
(Bob: What is the Bronx?)
(Danielle: What is Brooklyn!)
...
(Alex: The largest is [*].)
(Danielle: Well, we don't count [*].)
(Alex: Boy, that'll make a lot of people feel good in New York!)

Queens

DanielleBob
Triple Stumper
    $800 5
Bill & Ted's Excellent Adventure

Craig
    $800 12
A Connecticut Yankee in King Arthur's Court

Craig
    $800 22
an ounce

Bob
    $800 27
(Bob: What is a diagram?)

a formula

Bob
Triple Stumper
    $800 17
the honor roll

Danielle
    $1200 3
Def Jam

Craig
    $1200 6
Children of a Lesser God

Danielle
    $1200 13
Queen of the Damned

Bob
    $1200 23
kilohertz

Bob
    $2,000 28
a neutron & a neutrino

Craig
    $1200 18
(Bob: What is the halyard?)

the hull

Bob
Triple Stumper
    $1600 7
(Alex: That's right. You beat Danielle--she had her thumb ready on that signalling device!)

the Bronx

Bob
    $1600 9
St. Elmo's Fire

Bob
    $1600 14
The Emperor Jones

Craig
    $1600 24
(Bob: What is degrees?)
(Craig: What is an azimuth?)

bearing

CraigBob
Triple Stumper
    $1600 29
(Ernst) Mach

Bob
    $1600 19
the Hermitage

Bob
    $2000 8
(Frederick Law) Olmsted

Danielle
    $2000 10
(Bob: [No response])
(Craig: What is The Fabulous Baker Boys?)

Tequila Sunrise

CraigDanielleBob
    $2,000 15
(Alex: You came up with it just in time. Well done.)

The Man Who Would Be King

Craig
    $2000 25
a light week

Triple Stumper
    $2000 30
quarks

Bob
    $2000 20
Horace

Bob

Scores at the end of the Double Jeopardy! Round:

Craig Danielle Bob
$15,400 $6,400 $13,600

[wagering suggestions for these scores]

Final Jeopardy! Round responses

POLITICAL QUOTATIONS
(Alex: There is an inherent danger built into this clue, and that is that when you think of two lions roaring at the same time, you might think of the two as being opponents as opposed to being allies. I hope you were not caught by that.)
...
(Alex: The quote is from Churchill's daughter and she was referring to Franklin Delano Roosevelt and dear Dad, Winston. How much are you gonna add, champ? Wow! A big wager today! But you're consistent. $27,201, and that takes you up to $94,202. And you're sort of smiling.)
(Craig: I'm trying, I'm trying!)
(Alex: All right, we know. Ha ha ha ha. I'm smiling for him. We'll see you all next time.)
DanielleWho are Churchill + Kruschev?
$2,400
BobWho were Bryan + Darrow?
$6,400
CraigWho are Churchill and FDR?
$11,801
Winston Churchill & Franklin Delano Roosevelt

Final scores:

Craig Danielle Bob
$27,201 $4,000 $7,200
4-day champion: $94,202 3rd place: $1,000 2nd place: $2,000

Game dynamics:

Coryat scores:

Craig Danielle Bob
$13,400 $6,400 $13,600
22 R
(including 3 DDs),
2 W
8 R,
2 W
22 R,
6 W

Combined Coryat: $33,400

[game clues] [game scores] [suggest correction]

Game tape date: Unknown
The J! Archive is created by fans, for fans. Scraping, republication, monetization, and malicious use prohibited; this site may use cookies and collect identifying information. See terms. The Jeopardy! game show and all elements thereof, including but not limited to copyright and trademark thereto, are the property of Jeopardy Productions, Inc. and are protected under law. This website is not affiliated with, sponsored by, or operated by Jeopardy Productions, Inc. Join the discussion at JBoard.tv.